Child development through middle childhood : (Record no. 26481)

000 -LEADER
fixed length control field 01601cam a2200385 a 4500
001 - CONTROL NUMBER
control field 17375090
003 - CONTROL NUMBER IDENTIFIER
control field OSt
005 - DATE AND TIME OF LATEST TRANSACTION
control field 20170204124910.0
008 - FIXED-LENGTH DATA ELEMENTS--GENERAL INFORMATION
fixed length control field 120706s2013 mauab 000 0 eng
010 ## - LIBRARY OF CONGRESS CONTROL NUMBER
LC control number 2012027318
020 ## - INTERNATIONAL STANDARD BOOK NUMBER
International Standard Book Number 9780205914197 (Student editions)
020 ## - INTERNATIONAL STANDARD BOOK NUMBER
International Standard Book Number 0205914195 (Student editions)
020 ## - INTERNATIONAL STANDARD BOOK NUMBER
International Standard Book Number 9780205871162 (Instructor's review copy (Child Dev, 9 chapters))
020 ## - INTERNATIONAL STANDARD BOOK NUMBER
International Standard Book Number 020587116X (Instructor's review copy (Child Dev, 9 chapters))
020 ## - INTERNATIONAL STANDARD BOOK NUMBER
International Standard Book Number 9780205927425 (Books a la Carte)
020 ## - INTERNATIONAL STANDARD BOOK NUMBER
International Standard Book Number 0205927424 (Books a la Carte)
040 ## - CATALOGING SOURCE
Original cataloging agency DLC
Transcribing agency DLC
Modifying agency DLC
042 ## - AUTHENTICATION CODE
Authentication code pcc
050 00 - LIBRARY OF CONGRESS CALL NUMBER
Classification number HQ774 .A76 2013
082 00 - DEWEY DECIMAL CLASSIFICATION NUMBER
Classification number 305.231
Edition number 23
100 1# - MAIN ENTRY--PERSONAL NAME
Personal name Arnett, Jeffrey Jensen.
Dates associated with a name 2013
245 10 - TITLE STATEMENT
Title Child development through middle childhood :
Remainder of title a cultural approach /
Statement of responsibility, etc. Jeffrey Jensen Arnett, Ashley E. Maynard.
250 ## - EDITION STATEMENT
Edition statement 1st ed.
260 ## - PUBLICATION, DISTRIBUTION, ETC. (IMPRINT)
Place of publication, distribution, etc. Boston :
Name of publisher, distributor, etc. Pearson,
Date of publication, distribution, etc. 2013.
300 ## - PHYSICAL DESCRIPTION
Extent xxxiv, 403 p. :
Other physical details col. ill., col. maps ;
Dimensions 28 cm.
500 ## - GENERAL NOTE
General note Includes bibliographical references (p. 358-389) and index.
650 #0 - SUBJECT ADDED ENTRY--TOPICAL TERM
Topical term or geographic name as entry element Infants
General subdivision Development.
650 #0 - SUBJECT ADDED ENTRY--TOPICAL TERM
Topical term or geographic name as entry element Infants
General subdivision Development
Form subdivision Cross-cultural studies.
650 #0 - SUBJECT ADDED ENTRY--TOPICAL TERM
Topical term or geographic name as entry element Child development.
650 #0 - SUBJECT ADDED ENTRY--TOPICAL TERM
Topical term or geographic name as entry element Child development
Form subdivision Cross-cultural studies.
650 #0 - SUBJECT ADDED ENTRY--TOPICAL TERM
Topical term or geographic name as entry element Infant psychology.
650 #0 - SUBJECT ADDED ENTRY--TOPICAL TERM
Topical term or geographic name as entry element Child psychology.
700 1# - ADDED ENTRY--PERSONAL NAME
Personal name Maynard, Ashley,
Dates associated with a name 2013-
906 ## - LOCAL DATA ELEMENT F, LDF (RLIN)
a 7
b cbc
c orignew
d 1
e ecip
f 20
g y-gencatlg
942 ## - ADDED ENTRY ELEMENTS (KOHA)
Source of classification or shelving scheme
Koha item type Hard Covered Materials
Classification part HQ774 .A76 2013
Call number prefix 33674
Holdings
Withdrawn status Lost status Source of classification or shelving scheme Damaged status Not for loan Home library Current library Shelving location Date acquired Source of acquisition Total Checkouts Full call number Barcode Date last seen Price effective from Koha item type
          MACHAKOS UNIVERSITY LIBRARY MACHAKOS UNIVERSITY LIBRARY Open shelf 04/02/2017 Donation (BFA)   HQ774 .A76 2013 33674 04/02/2017 04/02/2017 Hard Covered Materials
© Machakos University Library, Along The Highway, Machakos Wote Rd, Machakos, Kenya P.O. Box 136 - 90100 Machakos - Kenya

Tel: ( +254 ) 723 805829 OR Fax : 044-20353 OR Email: library@mksu.ac.ke